000 00834nam a2200205Ii 4500
003 JO-AjNU
008 230605s9999||||xx |||||||||||||| ||und||
040 _aJO-AjNU
_bara
_erda
_cJO-AjNU
041 _aara
050 1 4 _aHF1721.M52.2011
100 3 _aالمنظمة العربية للتنمية الادارية,
_eauthor
_934465
245 0 0 _aمنطقة التجارة الحرة العربية الكبرى
264 3 1 _aالقاهرة:المنظمة العربية للتنمية الادارية؛2011
300 _a376ص
336 _atext
_btxt
_2rdacontent
337 _aunmediated
_bn
_2rdamedia
338 _avolume
_bnc
_2rdacarrier
490 0 _a إصدرات المنظمة العربية للتنمية الإدارية. أعمال المؤتمرات
650 4 _aالتجارة-البلاد العربية
_934466
999 _aA14135
_c17703
_d17703